000 00593nam a2200181 i 4500
001 184809
003 ES-MaACL
005 20230906222301.0
008 160120s2000 sp |||| | spa d
080 _a35.077.3
100 1 _aLluís y Navas, Jaime.
_972976
245 1 4 _aLos principios comunes del sistema sancionador administrativo general y del laboral /
_cJaime Lluís y Navas.
260 _aBarcelona :
_b[s.n.],
_c2000.
300 _a36 p. ;
_c21 cm.
504 _aBibliografía: p. 35-36.
650 4 _aSanciones administrativas-
_zEspaña.
_9140503
852 _aES-MaACL
_j1762-F-27
999 _c184809
_d184809